| 000 | 00642nam a2200193 a 4500 | ||
|---|---|---|---|
| 005 | 20231108063628.0 | ||
| 008 | 991125s1980 ea 000 0 eng u | ||
| 020 | _a0030552761 | ||
| 035 | _aUPN01000057858 | ||
| 049 | _aCG | ||
| 050 | 4 |
_aLC177 M6 _bL4.9 |
|
| 100 | 1 |
_aLevy, Daniel C., _d1949- _929012 |
|
| 245 | 1 | 0 |
_aUniversity and government in Mexico : _bautonomy in an authoritarian system / _cDaniel C. Levy. |
| 260 |
_aNew York : _bPraeger, _c1980. |
||
| 300 |
_a173 p. : _btablas, gráfs. |
||
| 440 | 0 | _aPraeger special studies series in comparative education | |
| 650 | 4 |
_aEducación superior y Estado _zMéxico _95951 |
|
| 905 | _aLibro | ||
| 999 |
_c57858 _d57858 |
||